000 01004nam a2200253Ia 4500
003 OSt
005 20221005104954.0
006 a|||||r|||| 00| 0
007 ta
008 221004b |||||||| |||| 00| 0 hin d
020 _a8185999198 (hbk)
_c2250
024 _a93905
037 _b418, 23/03/2009, Swaraj Prakashan
_cTextual
040 _aCRL
_cCRL
_bhin
041 _2hin
_ahin
082 _aO152,1N5:g, P7
100 _aपालीवाल, कृष्णदत्त
245 0 _aनवजागरण देशी स्वच्छंदतावाद और नयी काव्यधारा
246 _aNavajāgaraṇ deshī svachchhandatāvād aur nayī kāvyadhārā
260 _aदिल्ली
_bस्वराज प्रकाशन भारत
_c2007
300 _a259पृ0
_ccm.
942 _hO152,1N5:g, P7
_cTEXL
_2cc
999 _c1014342
_d1014342